| 000 | 00773nam a2200241 a 4500 | ||
|---|---|---|---|
| 001 | BRL_1571 | ||
| 005 | 20190320211252.0 | ||
| 008 | 140314s19uu----it-o######---#000-0#ger-# | ||
| 041 | _ager | ||
| 044 | _ait | ||
| 050 | 4 |
_aNA1121.R38 _b.R38 1950 |
|
| 100 | 1 |
_aRandi, Aldo _927315 |
|
| 245 | 1 | 0 |
_aRavennas baudenkmäler _cAldo Randi ; übersetzung von Bernardo Bernardi ; überarbeitung des deutschen textes von Irmgard Schnellbächer. |
| 260 |
_aRavenna _bLibreria Tarantola _c[1950?] |
||
| 300 |
_a50 p. _bil. _c17 cm. |
||
| 500 | _aAu1835 | ||
| 650 | 1 | 4 |
_aArquitectura _zRávena (Italia) _927316 |
| 650 | 1 | 4 |
_aMonumentos _zRávena (Italia) _927317 |
| 700 | 1 |
_aBernardi, Bernardo _927318 |
|
| 700 | 1 |
_aSchnellbächer, Irmgard _927319 |
|
| 902 | _aGRL | ||
| 942 |
_2lcc _cB |
||
| 999 |
_c10380 _d10380 |
||